Jonathan's General Knowledge #11 - Statistics

General Stats
  • This quiz has been taken 650 times
  • The average score is 8 of 20
Answer Stats
# Hint Answer % Correct
16 In which country was The Hobbit movie series filmed? New Zealand
77%
12 In which American city was Motown founded in 1959? Detroit
66%
1 Which baseball player did Marilyn Monroe marry and divorce in 1954? Joe DiMaggio
66%
6 Who owns Springfield's local tavern in The Simpsons? Moe Szyslak
65%
7 'A boy's best friend is his mother' is a quote from which Alfred Hitchcock film? Psycho
63%
17 Saigon is the former name of which modern city in Vietnam? Hồ Chí Minh City
61%
18 'The warden threw a party in the county jail' is the first line of what song? Jailhouse Rock
53%
2 Pilsner lager takes its name from a city in which country? Czech Republic
46%
10 On which lane did the Muffin Man live? Drury Lane
42%
20 What was the most popular Facebook game in February 2015 with 11.73million daily users? Candy Crush Saga
37%
13 Anglesey is the largest island in which sea? Irish Sea
34%
14 In computing, what does ROM stand for? Read-only memory
28%
19 The Gambia shares its only border with which country? Senegal
28%
8 'Panthera onca' is the scientific name for which animal? Jaguar
27%
11 Who scored the only goal in the 2014 FIFA World Cup final? Mario Götze
20%
5 What is the name given to a group of rhinos? Crash
19%
3 Who is the first American president referenced in 'We Didn't Start The Fire'? Harry Truman
17%
9 What is the HTML color code for white? #FFFFFF
7%
4 After Russian, what is the second most spoken language in Russia? Tatar
4%
15 Who was the emperor of Rome when Pompeii was destroyed by Vesuvius? Titus
4%
No matching quizzes found
Score Distribution
Percent of People with Each Score
Percentile by Number Answered
Your Score History
You have not taken this quiz